书目信息 |
| 题名: |
二氧化钛纳米材料在烟草减害中的应用
|
|
| 作者: | 谢卫 主编 | |
| 分册: | ||
| 出版信息: | 武汉 华中科技大学出版社 2016.04 |
|
| 页数: | 105页 | |
| 开本: | 24cm | |
| 丛书名: | 中国烟草系列丛书 | |
| 单 册: | ||
| 中图分类: | TS4 , TS41 | |
| 科图分类: | ||
| 主题词: | 二氧化钛--纳米材料--应用--烟草--研究 , 烟草工业--基础科学 | |
| 电子资源: | ||
| ISBN: | 978-7-5680-1604-9 | |
| 000 | 01045oam2 2200265 450 | |
| 001 | 1124 | |
| 005 | 20180927130528.10 | |
| 010 | @a978-7-5680-1604-9@dCNY38.00 | |
| 100 | @a20160826d2016 em y0chiy50 ea | |
| 101 | 0 | @achi |
| 102 | @aCN@b420000 | |
| 105 | @aa z 000yy | |
| 200 | 1 | @a二氧化钛纳米材料在烟草减害中的应用@9er yang hua tai na mi cai liao zai yan cao jian hai zhong de ying yong@f谢卫主编 |
| 210 | @a武汉@c华中科技大学出版社@d2016.04 | |
| 215 | @a105页@c图,照片@d24cm | |
| 225 | 1 | @a中国烟草系列丛书 |
| 330 | @a本书论述了二氧化钛纳米材料的应用领域、合成方法、性能和表征等,介绍了卷烟主流烟气有害成分的评价方法及采用二氧化钛纳米材料作为滤嘴添加材料的减害效果和减害机理,介绍了烟草中硝酸盐、亚硝酸盐和农药残留的检测方法及采用二氧化钛作为光催化材料的降解效果。 | |
| 461 | 0 | @12001 @a中国烟草系列丛书 |
| 606 | 0 | @a二氧化钛@x纳米材料@x应用@x烟草@x研究 |
| 606 | 0 | @a烟草工业@x基础科学 |
| 690 | @aTS4@v5 | |
| 690 | @aTS41@v4 | |
| 701 | 0 | @a谢卫@9xie wei@4主编 |
| 801 | 0 | @aCN@b91MARC@c20160826 |
| 905 | @aMuseLib@dTS41@e8 | |
| 二氧化钛纳米材料在烟草减害中的应用/谢卫主编.-武汉:华中科技大学出版社,2016.04 |
| 105页:图,照片;24cm.-(中国烟草系列丛书) |
| ISBN 978-7-5680-1604-9:CNY38.00 |
| 本书论述了二氧化钛纳米材料的应用领域、合成方法、性能和表征等,介绍了卷烟主流烟气有害成分的评价方法及采用二氧化钛纳米材料作为滤嘴添加材料的减害效果和减害机理,介绍了烟草中硝酸盐、亚硝酸盐和农药残留的检测方法及采用二氧化钛作为光催化材料的降解效果。 |
| ● |
| 相关链接 |
|
|
|
|
正题名:二氧化钛纳米材料在烟草减害中的应用
索取号:TS41/8
 
预约/预借
| 序号 | 登录号 | 条形码 | 馆藏地/架位号 | 状态 | 备注 |
| 1 | 1121279 | 211212793 | 第二样本阅览室/ [索取号:TS41/8] | 在馆 | |
| 2 | 1121280 | 211212800 | 第三借阅区/ [索取号:TS41/8] | 在馆 | |
| 3 | 1121281 | 211212819 | 第三借阅区/ [索取号:TS41/8] | 在馆 | |
| 4 | 1121282 | 211212828 | 第三借阅区/ [索取号:TS41/8] | 在馆 | |
| 5 | 1121283 | 211212837 | 化学系资料室/ [索取号:TS41/8] | 在馆 |